| 000 | 00381 a2200133 4500 | ||
|---|---|---|---|
| 005 | 20250507134649.0 | ||
| 020 | _a978-0-19-569837-4 | ||
| 082 | _a658. 322 BHA | ||
| 100 | _aBHATTACHARYYA, D. K. | ||
| 245 | _aCompensation Management | ||
| 260 |
_aNew York, _bOxford University Press, _c2009. |
||
| 300 |
_axv, 448p.: ill.; figure, table. _bIndex, references. _c25cm. |
||
| 942 |
_2ddc _cBKS |
||
| 999 |
_c2129 _d2129 |
||